00623cam a2200193Ia 4500020002500000020002200025040001000047082002600057100001800083245004500101260007500146300003200221490003800253650002400291650002000315650001500335700001800350710006100368 a9789251061398 (pbk.) a9251061394 (pbk.) cBTCTA a635 FOO 2009 A036 Or.1 aNichols, Mike10aGrowing vegetables for home and market / aRome :bFood and Agriculture Organization of the United Nations,c2009 avii, 91 p. :bill. ;c21 cm1 aDiversification booklet number 11 0aVegetable gardening 0aVegetable trade 0aVegetables1 aHilmi, Martin2 aFood and Agriculture Organization of the United Nations.